| 000 -LEADER |
| fixed length control field |
00419cam a22001457a 4500 |
| 008 - FIXED-LENGTH DATA ELEMENTS--GENERAL INFORMATION |
| fixed length control field |
180718b2012 xxu||||| |||| 00| 0 eng d |
| 082 ## - DEWEY DECIMAL CLASSIFICATION NUMBER |
| Classification number |
AB7 K526 |
| 245 ## - TITLE STATEMENT |
| Title |
The greatest sin |
| Statement of responsibility, etc |
edited by Abdul Khaliq |
| 260 ## - PUBLICATION, DISTRIBUTION, ETC. (IMPRINT) |
| Place of publication, distribution, etc |
New Delhi |
| Name of publisher, distributor, etc |
Naba publishers |
| Date of publication, distribution, etc |
2012 |
| 300 ## - PHYSICAL DESCRIPTION |
| Extent |
79p. |
| 650 ## - SUBJECT ADDED ENTRY--TOPICAL TERM |
| Topical term or geographic name as entry element |
Muslims -- literature. |
| 9 (RLIN) |
14997 |
| 650 ## - SUBJECT ADDED ENTRY--TOPICAL TERM |
| Topical term or geographic name as entry element |
Islam -- Customs and practices |
| 9 (RLIN) |
14998 |
| 700 ## - ADDED ENTRY--PERSONAL NAME |
| Personal name |
Khaliq, Abdul |
| 9 (RLIN) |
14999 |
| 942 ## - ADDED ENTRY ELEMENTS (KOHA) |
| Source of classification or shelving scheme |
|